Statystyki dla Polscy piłkarze którzy strzelili najwięcej bramek dla reprezentacji

Kliknij tutaj aby rozwiązać quiz!

Ogólne statystyki

  • Ten quiz został rozwiązany 848 razy
  • Średni wynik to 5 z 15

Statystyki odpowiedzi

MiejsceGolePiłkarz% Poprawnych
1.66Robert Lewandowski
100%
3.45Grzegorz Lato
65%
8.24Zbigniew Boniek
49%
4.41Kazimierz Deyna
47%
10.21Jakub Błaszczykowski
44%
2.48Włodzimierz Lubański
33%
12.20Euzebiusz Smolarek
28%
15.17Kamil Grosicki
28%
6.32Andrzej Szarmach
22%
9.21Ernest Wilimowski
12%
5.39Ernest Pohl
11%
7.27Gerard Cieślik
8%
13.19Roman Kosecki
7%
14.18Lucjan Brychczy
6%
11.20Dariusz Dziekanowski
5%

Rozkład punktacji

Percentyl według liczby udzielonych odpowiedzi

Procent ludzi z każdym wynikiem

Twoja historia wyników

Nie rozwiązałeś tego quizu